| 000 | 00435nam a2200193Ia 4500 | ||
|---|---|---|---|
| 008 | 210210b1908 xxu||||| |||| 00| 0 eng d | ||
| 041 | _aeng | ||
| 082 | _a520/152 | ||
| 100 | _aPROCTOR (Richard A) | ||
| 245 | _aOther suns than ours | ||
| 260 |
_aLondon _bLongman Green & Co Ltd., _c1908 |
||
| 300 | _a418 | ||
| 650 | _athan | ||
| 650 | _asuns | ||
| 650 | _aours | ||
| 650 | _aOther | ||
| 690 | _aAstronomy | ||
| 906 | _a008137 | ||
| 999 |
_c125980 _d125980 |
||